000 00697nam a2200193 a 4500
001 BRCA_783
005 20190320203141.0
008 990630s2000 sp-a---##c---#000-0#spa-#
020 _a8436933389
040 _aDLC
_cDLC
_dDLC
050 4 _aDU500
_b.G35 2000
100 1 _aGalván Guijo, Javier
_92607
245 1 0 _aIslas del Pacífico
_bel legado español
_cJavier Galván Guijo.
260 _aBarcelona
_bMinisterio de Educación, Cultura y Deporte, Dirección General de Cooperación y Comunicación Cultural
_c[2000]
300 _a126 p.
_bil. a color, mapas
_c28 cm.
651 4 _aMicronesia
_vCatálogos
_xHistoria
_92608
651 4 _aEspaña
_vCatálogos
_xColonias
_zOceania
_92609
942 _2lcc
_cB
999 _c680
_d680